000 00851nam a2200205Ia 4500
001 17920
003 GE_BSU
008 181216s||||||||xx |||||||||||||| ||und||
040 _cGE_BSU
080 _a821.353.1-1 + 821.353.1-1445821.353.1-192
100 _aკალაძე, კარლო
245 _aერთტომეული.: რჩეული ლექსები, ბალადები და სიმღერები.
245 _cრედ.ილ.ხოშტარია. მხატვ. ს.კეცხოველი
260 _aთბილისი
260 _bსახელგამი
260 _c1954
300 _a311გვ. : 1ფურც. პორტრ. ; 23სმ
653 _aრჩეული ლექსები, ბალადები და სიმღერები.
942 _cBK
999 _c50963
_d50963